Najmniejsze miasta wojewódzkie - Statystyki

Ogólne statystyki
  • Ten quiz został rozwiązany 54 razy
  • Średni wynik to 7 z 8
Statystyki odpowiedzi
Ludność Miasto % Poprawnych
114 567 Gorzów Wielkopolski
94%
125 812 Opole
94%
138 887 Zielona Góra
91%
166 697 Olsztyn
89%
197 706 Rzeszów
89%
194 273 Toruń
87%
181 211 Kielce
83%
278 090 Katowice
64%
Nie znaleziono quizów pasujących do podanych kryteriów
Rozkład punktacji
Procent ludzi z każdym wynikiem
Percentyl według liczby udzielonych odpowiedzi
Twoja historia wyników
Nie rozwiązałeś tego quizu